000 00516nam a2200157 4500
001 108340
003 ES-MaACL
005 20230906184627.0
007 t|
008 061121s1972 sp r ||||1| spa d
110 2 _aMonasterio de Santo Toribio de Liébana.
_95753
245 1 0 _aSanto Toribio de Liébana /
_cMonasterio de Santo Toribio de Liébana.
260 _aSantander :
_bMonasterio de Santo Toribio de Liébana,
_c1972.
300 _a38 p., 3 lám :
_bil. ;
_c17 cm.
852 _aES-MaACL
_jC-43873
_bR.82421
999 _c108340
_d108340